Delhi rent bill (Record no. 483747)

000 -LEADER
fixed length control field 00333cam a22001217a 4500
008 - FIXED-LENGTH DATA ELEMENTS--GENERAL INFORMATION
fixed length control field 180718b1994 xxu||||| |||| 00| 0 eng d
082 ## - DEWEY DECIMAL CLASSIFICATION NUMBER
Classification number XA4601x5461 B/1994
100 ## - MAIN ENTRY--PERSONAL NAME
Personal name India. Rajya Sabha Secretariat
245 ## - TITLE STATEMENT
Title Delhi rent bill
260 ## - PUBLICATION, DISTRIBUTION, ETC.
Place of publication, distribution, etc. New Delhi
Name of publisher, distributor, etc. The author
Date of publication, distribution, etc. 1994
300 ## - PHYSICAL DESCRIPTION
Extent 56p.
650 ## - SUBJECT ADDED ENTRY--TOPICAL TERM
Topical term or geographic name entry element Rent control - India - Delhi
Holdings
Withdrawn status Lost status Damaged status Not for loan Permanent Location Current Location Date acquired Full call number Barcode Date last seen Price effective from Koha item type
        Indian Institute of Public Administration Indian Institute of Public Administration 2018-08-04 XA4601x5461 B/1994 GG22435 2018-08-04 2018-08-04 GG

Powered by Koha